Những năm bão táp (Cuộc chạy đua vào nhà trắng) : Hồi ký

Guardat en:
Dades bibliogràfiques
Autor principal: Kissinger, Henry
Format: Llibre
Idioma:Undetermined
Publicat: Hà Nội Công an nhân dân 2004
Etiquetes: Afegir etiqueta
Sense etiquetes, Sigues el primer a etiquetar aquest registre!
Thư viện lưu trữ: Trung tâm Học liệu Trường Đại học Cần Thơ
LEADER 00549nam a2200193Ia 4500
001 CTU_93733
008 210402s9999 xx 000 0 und d
020 |c 95000 
082 |a 973 
082 |b K61/T.2 
100 |a Kissinger, Henry 
245 0 |a Những năm bão táp (Cuộc chạy đua vào nhà trắng) : 
245 0 |b Hồi ký 
245 0 |c Henry Kissinger 
260 |a Hà Nội 
260 |b Công an nhân dân 
260 |c 2004 
904 |i Mai Loan 
980 |a Trung tâm Học liệu Trường Đại học Cần Thơ